000 00322nam a2200133Ia 4500
005 20260328101446.0
008 260328s9999||||xx |||||||||||||| ||und||
100 _aDavid, Rosalie
245 0 _aLes trésors de L'Egypte /
_cRosalie David
260 _bEditions Princesse
300 _a208 p.
650 _aARTE
942 _cBK
999 _c8480
_d8480